| 000 | 01300cam a2200349 4500 | ||
|---|---|---|---|
| 001 | M1435 | ||
| 008 | 090401t1993 xxu||||| |||| 00| 0 eng d | ||
| 020 | _a0854066004 | ||
| 035 | _a(Sirsi) u31968 | ||
| 041 | _aeng | ||
| 050 |
_a333.332 _c18 |
||
| 090 | _aRICS 1993/55ABCD | ||
| 110 |
_aRoyal Institution of Chartered Surveyors _94900 |
||
| 245 |
_aHome buyers' survey and valuation. _h[electronic resource] |
||
| 260 |
_aLondon _bRICS _c1993 |
||
| 300 |
_a3 items in folder _c30cm. |
||
| 350 | _a0 | ||
| 490 | _aRICS Guidance Note | ||
| 505 | _aHome buyers' survey | ||
| 505 | _aBuying a home? | ||
| 505 | _aComments and guidance on standard conditions of engagment and guidance on reporting | ||
| 520 | _aPublished August 1993. | ||
| 520 | _aSuperseded by "RICS/ISVA homebuyer survey and valuation" (M88251). | ||
| 650 | _aRICS HOMEBUYER SURVEY AND VALUATION | ||
| 650 | _aBUILT ENVIRONMENT-BUILDING SURVEYING-STRUCTURAL SURVEYING | ||
| 650 |
_aValuation _96273 |
||
| 690 | _aBUILT ENVIRONMENT-BUILDING INSPECTION | ||
| 710 |
_aIncorporated Society of Valuers and Auctioneers _91201 |
||
| 856 | 4 | 0 |
_uhttps://www.rics.org/Global/Downloads/HomeBuyersSurveyAndValuation1993.pdf _zView the full document free of charge at the www.rics.org... |
| 942 | _n0 | ||
| 948 | _c04/03/1997 | ||
| 999 |
_c89652 _d89652 |
||